Devinez la Capitale Mystère #112 - Statistiques

Statistiques générales
  • Ce quiz a été pris 106 fois
  • Le résultat moyen est 28 sur 33
Statistiques - réponses
Type de Réponse Réponse % Correct
Lettre de l'Alphabet R
100%
Lettre Trouvée A
99%
Lettre Trouvée B
99%
Lettre Trouvée I
99%
Lettre de l'Alphabet O
99%
Lettre Bien Placée A
96%
Lettre de l'Alphabet E
96%
Lettre de l'Alphabet S
96%
Lettre de l'Alphabet L
95%
Lettre Trouvée N
95%
Lettre de l'Alphabet D
94%
Lettre de l'Alphabet M
94%
Lettre de l'Alphabet T
92%
Lettre de l'Alphabet P
91%
Lettre Trouvée U
91%
Lettre Bien Placée B
90%
Lettre de l'Alphabet K
90%
Lettre Trouvée G
86%
Lettre Bien Placée N
84%
Lettre de l'Alphabet H
81%
Lettre de l'Alphabet W
81%
Lettre de l'Alphabet C
78%
Lettre de l'Alphabet V
78%
Lettre de l'Alphabet Y
77%
Lettre de l'Alphabet X
76%
Lettre de l'Alphabet J
73%
Lettre Bien Placée G
72%
Lettre de l'Alphabet F
68%
Lettre Bien Placée U
68%
Lettre de l'Alphabet Q
67%
Lettre de l'Alphabet Z
67%
Capitale Mystère Bangui
65%
Lettre Bien Placée I
65%
Aucun quiz correspondant
Distribution des résultats
% des personnes avec chaque résultat
Percentile par nombre de réponses
Votre historique - résultats
Vous n’avez pas pris ce quiz